Stavební mechanika

Salvato in:
Dettagli Bibliografici
Autore principale: Dědek, Miloň (Autore)
Natura: Libro
Lingua:ceco
Pubblicazione: Praha : SNTL, 1989
Edizione:1.vyd.
Soggetti:
Tags: Aggiungi Tag
Nessun Tag, puoi essere il primo ad aggiungerne!!

MARC

LEADER 00000nam a22000003a 4500
001 stu10652
005 20150617225805.3
008 941020s1989----cs------------------cze-d
040 |a STU  |b slo 
041 0 |a cze 
044 |a cs 
100 1 |a Dědek, Miloň  |4 aut 
245 1 |a Stavební mechanika 
250 |a 1.vyd.  
260 |a Praha :  |b SNTL,  |c 1989 
300 |a NESTR 
650 7 |a stavebné tabuľky  |2 stusub 
650 7 |a mechanika stavebná  |2 stusub 
650 7 |a vedy prírodné  |2 stusub 
996 |b 284AU01035  |c A*954 U  |l AAKNAR  |s A  |a 24  |w stu10652_0001 
996 |b 284AU02818  |c A*956 U  |l AAKNST  |s P  |a 0  |w stu10652_0002 
996 |b 284AU01037  |c A*952 U  |l AAKNAR  |s A  |a 24  |w stu10652_0003 
996 |b 284AU01036  |c A*953 U  |l AAKNAR  |s A  |a 24  |w stu10652_0004